000
00216 a2200097 4500
001
29820
100
_a
Cuttle
245
_a
Executive Programs & Operating systems
260
_a
_b
Macdonald
_c
090
_c
19836
_d
19836
942
_a
NUST-CAE
_c
M
_c
10931
999
_c
264893
_d
264893